<?xml version="1.0" encoding="UTF-8"?>
<marc:record xmlns:marc="http://www.loc.gov/MARC21/slim">
   <marc:leader>00000nam a2200000 a 4500</marc:leader>
   <marc:datafield ind1="1" ind2=" " tag="100">
      <marc:subfield code="a">Niederwieser, Stephan</marc:subfield>
      <marc:subfield code="4">aut</marc:subfield>
      <marc:subfield code="e">Verfasser/-in</marc:subfield>
   </marc:datafield>
   <marc:datafield ind1=" " ind2=" " tag="653">
      <marc:subfield code="a">Männliche Jugend</marc:subfield>
   </marc:datafield>
   <marc:datafield ind1=" " ind2=" " tag="653">
      <marc:subfield code="a">Homosexualität</marc:subfield>
   </marc:datafield>
   <marc:datafield ind1=" " ind2=" " tag="653">
      <marc:subfield code="a">Coming-out</marc:subfield>
   </marc:datafield>
   <marc:datafield ind1=" " ind2=" " tag="653">
      <marc:subfield code="a">Softcover</marc:subfield>
   </marc:datafield>
   <marc:datafield ind1=" " ind2=" " tag="653">
      <marc:subfield code="a">Karte</marc:subfield>
   </marc:datafield>
   <marc:datafield ind1=" " ind2=" " tag="653">
      <marc:subfield code="a">Ratgeber</marc:subfield>
   </marc:datafield>
   <marc:datafield ind1="0" ind2="0" tag="245">
      <marc:subfield code="a">Out &amp; proud</marc:subfield>
   </marc:datafield>
   <marc:datafield ind1="0" ind2="0" tag="245">
      <marc:subfield code="b">Willkommen in deiner neuen Welt!</marc:subfield>
   </marc:datafield>
   <marc:datafield ind1="0" ind2="0" tag="245">
      <marc:subfield code="c">Stephan Niederwieser</marc:subfield>
   </marc:datafield>
   <marc:datafield ind1=" " ind2="1" tag="264">
      <marc:subfield code="a">Berlin</marc:subfield>
      <marc:subfield code="b">Gmünder</marc:subfield>
      <marc:subfield code="c">2006</marc:subfield>
   </marc:datafield>
   <marc:datafield ind1="1" ind2=" " tag="520">
      <marc:subfield code="a">Angaben aus der Verlagsmeldung

Out and Proud : Willkommen in deiner neuen Welt! / von Stephan Niederwieser

Ein Reiseführer durch die geheimnisvolle Welt von Herzensregungen, Lebensplänen und sexuellen Spielformen.

Viele verbinden das Coming-out mit einem Gang zum Zahnarzt. Wie falsch das ist, erklärt Stephan Niederwieser in seinem neuen Ratgeber: Das Coming-out ist nicht ein großer Schritt, sondern ein Prozess, hinter dem mehr steht, als Mutti zu sagen: „Ich bin schwul.“
Dieser Prozess kann zu einem Meilenstein in der Entwicklung jedes Jungen oder Mannes werden, zu einem freien und selbstbestimmten Leben führen. Vorausgesetzt man packt es richtig an, stellt er eine Bereicherung für das ganze Leben dar.

Zudem geht der Autor auf alle wichtigen Fragen ein, wie auf den Umgang mit der Szene, die rechtliche Situation oder die erfolgreiche Nutzung des Internets. Nicht zuletzt lässt er Männer zu Wort kommen, die ihren Weg gefunden haben.
</marc:subfield>
   </marc:datafield>
   <marc:datafield ind1=" " ind2=" " tag="020">
      <marc:subfield code="a">9783861879947</marc:subfield>
      <marc:subfield code="9">9783861879947</marc:subfield>
   </marc:datafield>
   <marc:datafield ind1=" " ind2=" " tag="020">
      <marc:subfield code="a">3861879948</marc:subfield>
      <marc:subfield code="9">3861879948</marc:subfield>
   </marc:datafield>
   <marc:datafield ind1=" " ind2=" " tag="041">
      <marc:subfield code="a">ger</marc:subfield>
   </marc:datafield>
   <marc:datafield ind1=" " ind2=" " tag="300">
      <marc:subfield code="a">206 S.</marc:subfield>
   </marc:datafield>
</marc:record>
